| 000 | 00670cam a22002293a 4500 | ||
|---|---|---|---|
| 001 | 7989 | ||
| 003 | PGUSA | ||
| 005 | 20140828083151.0 | ||
| 008 | 050401s2005||||xxu|||||s|||||000 1 eng d | ||
| 040 |
_aPGUSA _beng |
||
| 042 | _adc | ||
| 050 | 4 | _aPS | |
| 100 | 1 |
_aPhillips, David Graham, _d1867-1911 |
|
| 245 | 1 | 4 |
_aThe Great God Success : _bA Novel _h[electronic resource] / _cDavid Graham Phillips |
| 260 |
_bProject Gutenberg, _c2005 |
||
| 506 | _aPublic domain in the USA. | ||
| 516 | _aElectronic text | ||
| 653 | _aJournalists -- United States -- Fiction | ||
| 830 | 0 |
_aProject Gutenberg _v7989 |
|
| 856 | 4 | 0 | _uhttp://www.gutenberg.org/ebooks/7989 |
| 942 | _cEB | ||
| 999 |
_c237289 _d237289 |
||